[Event "Madrid San Viator op-B 31st"]
[Site "Madrid"]
[Date "2019.09.08"]
[Round "1"]
[White "Torrecillas Adan, Luis"]
[Black "Gil Calvente, Jose Antonio"]
[Result "0-1"]
[WhiteElo "1400"]
[BlackElo "1666"]
[PlyCount "68"]
[EventDate "2019.09.08"]
[EventType "swiss"]
[EventRounds "9"]
[EventCountry "ESP"]
[SourceTitle "EXT 2022"]
[Source "ChessBase"]
[SourceDate "2021.10.06"]
[SourceVersion "1"]
[SourceVersionDate "2021.10.06"]
[SourceQuality "1"]

1. e4 e5 2. Nf3 Nc6 3. Bb5 a6 4. Bxc6 dxc6 5. h3 Bc5 6. d3 f6 7. 0-0 Be6 8. c3 Qd7 9. Nxe5 fxe5 10. Qh5+ Qf7 11. Qxe5 Bd6 12. Qg5 Nf6 13. e5 h6 14. Qg3 Nh5 15. Qe3 Be7 16. g4 Bg5 17. f4 Nxf4 18. Rxf4 Bxf4 19. Qxf4 0-0 20. Qxf7+ Rxf7 21. Nd2 Raf8 22. b3 Rf2 23. Ne4 Re2 24. Ba3 Rf3 25. g5 Bxh3 26. Bc5 Rxd3 27. Nf2 Rxc3 28. Bd4 Rf3 29. Nxh3 Rxh3 30. gxh6 gxh6 31. Rf1 Rg3+ 32. Kh1 Rg6 33. a4 Re4 34. Bf2 Rxe5 0-1

[Event "Madrid San Viator op-A 26th"]
[Site "Madrid"]
[Date "2016.05.08"]
[Round "5"]
[White "Giralda Gomez, David"]
[Black "Gil Calvente, Jose Antonio"]
[Result "1/2-1/2"]
[WhiteElo "1856"]
[BlackElo "1732"]
[PlyCount "38"]
[EventDate "2016.04.03"]
[EventType "swiss"]
[EventRounds "9"]
[EventCountry "ESP"]
[SourceTitle "EXT 2017"]
[Source "ChessBase"]
[SourceDate "2016.10.25"]
[SourceVersion "1"]
[SourceVersionDate "2016.10.25"]
[SourceQuality "1"]

1. e4 e5 2. Nf3 Nc6 3. Bb5 a6 4. Ba4 Nf6 5. 0-0 Be7 6. Re1 b5 7. Bb3 0-0 8. c3 d5 9. exd5 Nxd5 10. Nxe5 Nxe5 11. Rxe5 Nf6 12. d4 Bd6 13. Re1 Ng4 14. g3 Nxh2 15. Kxh2 Qh4+ 16. Kg2 Qh3+ 17. Kg1 Bxg3 18. fxg3 Qxg3+ 19. Kh1 Bh3 1/2-1/2

[Event "Madrid San Viator op 25th"]
[Site "Madrid"]
[Date "2015.11.22"]
[Round "9"]
[White "Gil Calvente, Jose Antonio"]
[Black "Soderstrom, Henrik"]
[Result "1/2-1/2"]
[WhiteElo "1723"]
[BlackElo "1907"]
[PlyCount "79"]
[EventDate "2015.10.04"]
[EventType "swiss"]
[EventRounds "9"]
[EventCountry "ESP"]
[SourceTitle "CBM 169 Extra"]
[Source "ChessBase"]
[SourceDate "2015.12.18"]
[SourceVersion "1"]
[SourceVersionDate "2015.12.18"]
[SourceQuality "1"]

1. d4 d5 2. Nf3 Nf6 3. e3 c5 4. Bd3 c4 5. Be2 Nc6 6. 0-0 Bf5 7. b3 b5 8. a4 a6 9. axb5 axb5 10. Rxa8 Qxa8 11. bxc4 bxc4 12. Ba3 g6 13. Ne5 Ne4 14. Qc1 f6 15. Nxc6 Qxc6 16. Qb2 Kf7 17. f3 Nd6 18. Nc3 Bh6 19. f4 g5 20. fxg5 Bxg5 21. Bxd6 Qxd6 22. Rxf5 Bxe3+ 23. Kh1 Bxd4 24. Bf3 Rb8 25. Qa2 Bxc3 26. Rxd5 Qe6 27. Rd1 Rd8 28. Rf1 Kg7 29. Qa3 Qe5 30. Qa6 Rd4 31. Qb7 Bd2 32. g3 c3 33. Kg2 Be1 34. Qc8 Rd2+ 35. Kh1 h5 36. Qh3 Rxc2 37. Bxh5 Rf2 38. Qg4+ Qg5 39. Qxg5+ fxg5 40. Rxe1 1/2-1/2

[Event "Madrid San Viator op 25th"]
[Site "Madrid"]
[Date "2015.11.15"]
[Round "8"]
[White "Escribano Serrano, Pedro"]
[Black "Gil Calvente, Jose Antonio"]
[Result "0-1"]
[WhiteElo "1802"]
[BlackElo "1723"]
[PlyCount "122"]
[EventDate "2015.10.04"]
[EventType "swiss"]
[EventRounds "9"]
[EventCountry "ESP"]
[SourceTitle "CBM 169 Extra"]
[Source "ChessBase"]
[SourceDate "2015.12.18"]
[SourceVersion "1"]
[SourceVersionDate "2015.12.18"]
[SourceQuality "1"]

1. d4 Nf6 2. e3 d5 3. Bd3 c5 4. c3 Nc6 5. f4 Bg4 6. Nf3 e6 7. 0-0 Be7 8. Nbd2 Bf5 9. Bxf5 exf5 10. Ne5 Ne4 11. Nxe4 fxe4 12. Qg4 0-0 13. Qe2 f6 14. Nxc6 bxc6 15. f5 Bd6 16. Qg4 c4 17. h4 Qc7 18. b3 Qa5 19. b4 Qa4 20. Qd1 Qxd1 21. Rxd1 Rfb8 22. Bd2 h5 23. Rdb1 Rb7 24. Be1 Rab8 25. Rc1 Kf7 26. Bd2 g6 27. Rf1 Ra8 28. Be1 g5 29. a3 Rg8 30. Ra2 Kg7 31. hxg5 fxg5 32. g3 Kf6 33. Kg2 g4 34. Rb2 Rg5 35. Rbf2 a6 36. Rh1 Rh7 37. Rhf1 h4 38. Rb2 hxg3 39. Bxg3 Bxg3 40. Kxg3 Rh3+ 41. Kg2 Rgh5 42. Rbb1 Rxe3 43. Rh1 Reh3 44. Rxh3 Rxh3 45. Rc1 Kxf5 46. a4 Kf4 47. Rf1+ Rf3 48. Rh1 Rxc3 49. Rh6 Rc2+ 50. Kf1 Ke3 51. Rxc6 Kxd4 52. Rxa6 e3 53. Re6 Kd3 54. b5 e2+ 55. Kf2 g3+ 56. Kxg3 Rb2 57. Kf2 d4 58. b6 c3 59. a5 c2 60. Rc6 Kd2 61. Re6 c1Q 0-1

[Event "Madrid San Viator op 21st"]
[Site "Madrid"]
[Date "2013.10.27"]
[Round "6"]
[White "Herreros Lucas, Jose Luis"]
[Black "Gil Calvente, Jose Antonio"]
[Result "0-1"]
[WhiteElo "1501"]
[BlackElo "1661"]
[PlyCount "48"]
[EventDate "2013.09.29"]
[EventType "swiss"]
[EventRounds "9"]
[EventCountry "ESP"]
[SourceTitle "EXT 2015"]
[Source "ChessBase"]
[SourceDate "2014.11.20"]
[SourceVersion "1"]
[SourceVersionDate "2014.11.20"]
[SourceQuality "1"]

1. Nf3 Nf6 2. d4 c5 3. dxc5 Nc6 4. Be3 e5 5. Nc3 Ng4 6. Qd2 Qa5 7. Ne4 Nxe3 8. fxe3 Qxd2+ 9. Nfxd2 f5 10. Nd6+ Bxd6 11. cxd6 Nb4 12. Kd1 Nd5 13. e4 Ne3+ 14. Kc1 0-0 15. b3 fxe4 16. Kb2 b6 17. Nxe4 Bb7 18. Nd2 Rac8 19. Rc1 Rf6 20. Nf3 e4 21. Nd4 Rxd6 22. Nb5 Rd2 23. Nc3 d5 24. Ka3 Rxc3 0-1

[Event "Madrid San Viator op 20th"]
[Site "Madrid"]
[Date "2013.05.26"]
[Round "7"]
[White "Gil Calvente, Jose Antonio"]
[Black "Bermejo Redondo, Oscar"]
[Result "1/2-1/2"]
[WhiteElo "1597"]
[BlackElo "1896"]
[PlyCount "95"]
[EventDate "2013.04.07"]
[EventType "swiss"]
[EventRounds "9"]
[EventCountry "ESP"]
[SourceTitle "EXT 2014"]
[Source "ChessBase"]
[SourceDate "2013.11.20"]
[SourceVersion "1"]
[SourceVersionDate "2013.11.20"]
[SourceQuality "1"]

1. e4 d6 2. Nc3 Nf6 3. Bc4 c5 4. d3 g6 5. Bg5 Bg7 6. Qd2 0-0 7. 0-0-0 Nc6 8. Bh6 a6 9. Bxg7 Kxg7 10. h4 h5 11. Nf3 Nd4 12. Ng5 b5 13. Bb3 a5 14. a4 Nxb3+ 15. cxb3 bxa4 16. bxa4 Qb6 17. d4 Rb8 18. dxc5 dxc5 19. e5 Ng4 20. Nd5 Qb7 21. Qe2 Nh6 22. Rd2 Nf5 23. Nf3 Be6 24. Rhd1 Qb3 25. Nc3 Qb4 26. Qe4 Rfc8 27. g3 Bb3 28. Re1 Bxa4 29. Nxa4 Nd4 30. Nxd4 cxd4+ 31. Rc2 Rxc2+ 32. Kxc2 Qxa4+ 33. Kb1 Qb3 34. Qxd4 Rb4 35. Qd2 a4 36. Re3 Qc4 37. Qd3 Qc5 38. Qc2 Rc4 39. Qd2 Rd4 40. Qc3 Rc4 41. Qd2 Qc6 42. Rc3 Rxc3 43. Qxc3 Qb5 44. f4 Qb7 45. Ka2 f6 46. exf6+ exf6 47. Ka3 Qa6 48. Qd4 1/2-1/2

[Event "Madrid San Viator op 20th"]
[Site "Madrid"]
[Date "2013.04.07"]
[Round "1"]
[White "Unciti Juan, Javier"]
[Black "Gil Calvente, Jose Antonio"]
[Result "1-0"]
[WhiteElo "2196"]
[BlackElo "1597"]
[PlyCount "65"]
[EventDate "2013.04.07"]
[EventType "swiss"]
[EventRounds "9"]
[EventCountry "ESP"]
[SourceTitle "EXT 2014"]
[Source "ChessBase"]
[SourceDate "2013.11.20"]
[SourceVersion "1"]
[SourceVersionDate "2013.11.20"]
[SourceQuality "1"]

1. e4 d5 2. exd5 Nf6 3. d4 Bg4 4. Bb5+ Nbd7 5. f3 Bf5 6. Nc3 a6 7. Bd3 Bxd3 8. Qxd3 Nb6 9. Nge2 Nbxd5 10. Nxd5 Nxd5 11. c4 Nb6 12. Bg5 Qd7 13. 0-0 g6 14. Rad1 Bg7 15. d5 Na4 16. Rd2 Nxb2 17. Qb3 Na4 18. Qxb7 0-0 19. Qb4 f6 20. Be3 Rfb8 21. Qa3 Nb6 22. Qd3 Qa4 23. Rc1 Nd7 24. f4 f5 25. Bd4 Nf6 26. Nc3 Qa3 27. Re1 Qd6 28. g3 Re8 29. c5 Qd8 30. Qc4 Kf8 31. Rde2 Nd7 32. d6 Bxd4+ 33. Qxd4 1-0

[Event "Madrid San Viator op 19th"]
[Site "Madrid"]
[Date "2012.11.11"]
[Round "8"]
[White "Jimenez Elices, Jose Maria"]
[Black "Gil Calvente, Jose Antonio"]
[Result "1-0"]
[WhiteElo "1905"]
[BlackElo "1618"]
[PlyCount "105"]
[EventDate "2012.09.23"]
[EventType "swiss"]
[EventRounds "9"]
[EventCountry "ESP"]
[SourceTitle "EXT 2013"]
[Source "ChessBase"]
[SourceDate "2012.11.22"]
[SourceVersion "1"]
[SourceVersionDate "2012.11.22"]
[SourceQuality "1"]

1. e4 c6 2. d4 d5 3. Nc3 dxe4 4. Nxe4 Bf5 5. Ng3 Bg6 6. h4 h6 7. h5 Bh7 8. Nf3 Nf6 9. Bd3 Bxd3 10. Qxd3 e6 11. Qe2 Be7 12. 0-0 Nbd7 13. Re1 0-0 14. Ne5 Nxe5 15. dxe5 Nd5 16. c4 Nb6 17. Be3 Qc7 18. Qg4 Kh8 19. b3 Rad8 20. f4 f5 21. Qg6 Bh4 22. Red1 Rxd1+ 23. Rxd1 Bxg3 24. Qxg3 Rd8 25. Qe1 Rd7 26. Rxd7 Qxd7 27. Qd2 Qxd2 28. Bxd2 Nd7 29. Be3 b6 30. Kf2 Kh7 31. Kg3 g6 32. Kh4 a5 33. g4 c5 34. gxf5 gxf5 35. Kg3 Nb8 36. Bd2 Nc6 37. Bc3 Kg7 38. Kf3 Kf7 39. Be1 Ke7 40. Bh4+ Kf7 41. Ke3 Ke8 42. Bf6 Kf7 43. a3 Ne7 44. Kd3 Ke8 45. Kc3 Ng8 46. Bh4 Kd7 47. b4 Kc6 48. bxa5 b5 49. cxb5+ Kxb5 50. a6 Kxa6 51. Kc4 Ka5 52. Kxc5 Ka4 53. Kd6 1-0

[Event "Madrid San Viator op 18th"]
[Site "Madrid"]
[Date "2012.05.13"]
[Round "6"]
[White "Jimenez Perez, Federico"]
[Black "Gil Calvente, Jose Antonio"]
[Result "0-1"]
[WhiteElo "1282"]
[BlackElo "1677"]
[PlyCount "128"]
[EventDate "2012.03.25"]
[EventType "swiss"]
[EventRounds "9"]
[EventCountry "ESP"]
[SourceTitle "EXT 2013"]
[Source "ChessBase"]
[SourceDate "2012.11.22"]
[SourceVersion "1"]
[SourceVersionDate "2012.11.22"]
[SourceQuality "1"]

1. e4 c5 2. Nf3 d6 3. d4 cxd4 4. Nxd4 Nf6 5. Nc3 a6 6. Be3 e5 7. Nf5 Bxf5 8. exf5 Nc6 9. Bc4 Rc8 10. Nd5 Nxd5 11. Qxd5 Qf6 12. 0-0 Be7 13. Rfe1 0-0 14. c3 Qxf5 15. Bd3 Qe6 16. Qe4 g6 17. Bh6 Rfd8 18. Rad1 Qxa2 19. Bc4 Qxb2 20. Qd5 Rf8 21. Bxf8 Rxf8 22. Rb1 Qxc3 23. Re3 Qd4 24. Rxb7 Bg5 25. Rf3 Qa1+ 26. Bf1 Nd4 27. Qe4 Nxf3+ 28. Qxf3 a5 29. Qd5 Qd4 30. Qxa5 Rc8 31. Qa2 d5 32. Rd7 Rd8 33. Rxd8+ Bxd8 34. Qa8 Qb6 35. Qxd5 Qd4 36. Qxd4 exd4 37. Bd3 f5 38. f4 Kg7 39. Kf2 Kf6 40. h3 h6 41. Kf3 g5 42. g3 Bc7 43. fxg5+ hxg5 44. g4 f4 45. Ke4 Bb6 46. Be2 Ke6 47. Bd3 Kd6 48. Kf5 Bd8 49. Ke4 Kc5 50. Kf3 Kb4 51. h4 Kc3 52. Ke4 gxh4 53. Be2 Bg5 54. Kf3 d3 55. Bd1 Kd2 56. Ba4 Ke1 57. Kg2 d2 58. Kf3 d1Q+ 59. Bxd1 Kxd1 60. Kf2 h3 61. Kf1 h2 62. Kg2 Ke2 63. Kxh2 f3 64. Kh3 f2 0-1

[Event "Madrid San Viator op 18th"]
[Site "Madrid"]
[Date "2012.04.22"]
[Round "4"]
[White "Gil Calvente, Jose Antonio"]
[Black "Bermejo Jimenez, Raul Adolfo"]
[Result "1-0"]
[WhiteElo "1677"]
[BlackElo "1812"]
[PlyCount "63"]
[EventDate "2012.03.25"]
[EventType "swiss"]
[EventRounds "9"]
[EventCountry "ESP"]
[SourceTitle "EXT 2013"]
[Source "ChessBase"]
[SourceDate "2012.11.22"]
[SourceVersion "1"]
[SourceVersionDate "2012.11.22"]
[SourceQuality "1"]

1. e4 c6 2. d4 d5 3. Nc3 dxe4 4. Nxe4 Bf5 5. Ng3 Bg6 6. Nf3 Nd7 7. h4 h6 8. Bd3 Bxd3 9. Qxd3 Qc7 10. Bd2 e6 11. 0-0-0 Ngf6 12. c4 0-0-0 13. Kb1 Bd6 14. Ne4 Nxe4 15. Qxe4 Nf6 16. Qe2 Rhe8 17. c5 Be7 18. Rhe1 Nd5 19. g3 Bf6 20. Qe4 Re7 21. g4 g6 22. Bxh6 Qa5 23. Bg5 Qb5 24. Rd3 Bxg5 25. hxg5 Nf4 26. Rb3 Qa5 27. Qxf4 Red7 28. Rd1 Qa6 29. Rbd3 Qc4 30. Ne5 Rxd4 31. Rxd4 Rxd4 32. Qxd4 1-0